Advanced engineering mathematics (Record no. 63630)

000 -LEADER
fixed length control field 00443nam a22001817a 4500
003 - CONTROL NUMBER IDENTIFIER
control field NUST - PNEC
005 - DATE AND TIME OF LATEST TRANSACTION
control field 20170116180818.0
008 - FIXED-LENGTH DATA ELEMENTS--GENERAL INFORMATION
fixed length control field 150611b xxu||||| |||| 00| 0 eng d
020 ## - INTERNATIONAL STANDARD BOOK NUMBER
International Standard Book Number -
040 ## - CATALOGING SOURCE
Transcribing agency LIBRARY
082 ## - DEWEY DECIMAL CLASSIFICATION NUMBER
Classification number 510 KRE
100 ## - MAIN ENTRY--PERSONAL NAME
9 (RLIN) 8105
Personal name Kreyszig, Erwin
245 ## - TITLE STATEMENT
Title Advanced engineering mathematics
Statement of responsibility, etc. Kreyszig, Erwin
250 ## - EDITION STATEMENT
Edition statement 3rd ed.
260 ## - PUBLICATION, DISTRIBUTION, ETC.
Date of publication, distribution, etc. c.1972
650 ## - SUBJECT ADDED ENTRY--TOPICAL TERM
9 (RLIN) 3902
Topical term or geographic name entry element Mathematics
General subdivision General
942 ## - ADDED ENTRY ELEMENTS (KOHA)
Source of classification or shelving scheme
Koha item type Book
Holdings
Withdrawn status Lost status Source of classification or shelving scheme Damaged status Not for loan Permanent Location Current Location Shelving location Date acquired Source of acquisition Cost, normal purchase price Total Checkouts Full call number Barcode Date last seen Cost, replacement price Price effective from Koha item type
          Pakistan Navy Engineering College (PNEC) Pakistan Navy Engineering College (PNEC)   11/06/2001 Fair Book Center / Library / Reference Grant 750.00   515.14 GRE PNECLIB-025261 06/11/2015 750.00 11/06/2001 Book
          Pakistan Navy Engineering College (PNEC) Pakistan Navy Engineering College (PNEC)           510 KRE PNECLIB-004750 09/05/2015     Book
© 2023 Central Library, National University of Sciences and Technology. All Rights Reserved.